<?xml version="1.0" encoding="UTF-8"?>
<record
    xmlns:xsi="http://www.w3.org/2001/XMLSchema-instance"
    xsi:schemaLocation="http://www.loc.gov/MARC21/slim http://www.loc.gov/standards/marcxml/schema/MARC21slim.xsd"
    xmlns="http://www.loc.gov/MARC21/slim">

  <leader>01649nam0a22003731  4500</leader>
  <controlfield tag="001">rc\1082996</controlfield>
  <controlfield tag="005">20250622141013.0</controlfield>
  <datafield tag="035" ind1=" " ind2=" ">
    <subfield code="a">(NLR Aleph) 006331113</subfield>
  </datafield>
  <datafield tag="090" ind1=" " ind2=" ">
    <subfield code="a">7546214</subfield>
    <subfield code="c">7546214</subfield>
  </datafield>
  <datafield tag="100" ind1=" " ind2=" ">
    <subfield code="a">20041126d1983    |||y0rusy50      ca</subfield>
  </datafield>
  <datafield tag="101" ind1="0" ind2=" ">
    <subfield code="a">rus</subfield>
  </datafield>
  <datafield tag="102" ind1=" " ind2=" ">
    <subfield code="a">RU</subfield>
  </datafield>
  <datafield tag="105" ind1=" " ind2=" ">
    <subfield code="a">y   |||||||||</subfield>
  </datafield>
  <datafield tag="200" ind1="1" ind2=" ">
    <subfield code="a">&#x418;&#x437; &#x431;&#x438;&#x440;&#x43C;&#x430;&#x43D;&#x441;&#x43A;&#x43E;&#x439; &#x43F;&#x43E;&#x44D;&#x437;&#x438;&#x438; XX &#x432;&#x435;&#x43A;&#x430;</subfield>
    <subfield code="e">&#x41F;&#x435;&#x440;. &#x441; &#x431;&#x438;&#x440;&#x43C;.</subfield>
    <subfield code="f">[&#x421;&#x43E;&#x441;&#x442;., &#x432;&#x441;&#x442;&#x443;&#x43F;. &#x441;&#x442;. &#x438; &#x43F;&#x440;&#x438;&#x43C;&#x435;&#x447;. &#x415;. &#x417;&#x430;&#x43F;&#x430;&#x434;&#x43E;&#x432;&#x43E;&#x439;]</subfield>
  </datafield>
  <datafield tag="210" ind1=" " ind2=" ">
    <subfield code="a">&#x41C;.</subfield>
    <subfield code="c">&#x425;&#x443;&#x434;&#x43E;&#x436;. &#x43B;&#x438;&#x442;.</subfield>
    <subfield code="d">1983</subfield>
  </datafield>
  <datafield tag="215" ind1=" " ind2=" ">
    <subfield code="a">190 &#x441;.</subfield>
    <subfield code="d">17</subfield>
  </datafield>
  <datafield tag="225" ind1="1" ind2=" ">
    <subfield code="a">&#x41F;&#x43E;&#x44D;&#x437;&#x438;&#x44F; &#x412;&#x43E;&#x441;&#x442;&#x43E;&#x43A;&#x430; XX &#x432;.</subfield>
  </datafield>
  <datafield tag="327" ind1="0" ind2=" ">
    <subfield code="a">&#x410;&#x432;&#x442;.: &#x422;&#x430;&#x43A;&#x438;&#x43D; &#x41A;&#x43E;&#x434;&#x43E; &#x425;&#x43C;&#x430;&#x439;&#x43D;, &#x423; &#x42D; &#x41C;&#x430;&#x443;&#x43D;, &#x417;&#x43E;&#x434;&#x436;&#x438;, &#x41C;&#x438;&#x43D;&#x442;&#x443;&#x432;&#x443;&#x43D;, &#x41D;&#x443; &#x419;&#x438;&#x43D;, &#x414;&#x430;&#x433;&#x43E;&#x43D; &#x422;&#x430;&#x44F;, &#x411;&#x443;&#x442;&#x430;&#x43B;&#x438;&#x43D; &#x427;&#x445;&#x438; &#x41B;&#x435;&#x439;, &#x411;&#x430;&#x43C;&#x43E; &#x41D;&#x44C;&#x43E;&#x443; &#x41F;&#x432;&#x435;, &#x41D;&#x433;&#x432;&#x435;&#x439; &#x422;&#x430;&#x440;&#x438;, &#x41C;&#x438;&#x43D; &#x42E; &#x412;&#x435;&#x439; &#x438; &#x434;&#x440;.</subfield>
  </datafield>
  <datafield tag="464" ind1=" " ind2="0">
    <subfield code="1">700#0$a&#x422;&#x430;&#x43A;&#x438;&#x43D; &#x41A;&#x43E;&#x434;&#x43E; &#x425;&#x43C;&#x430;&#x439;&#x43D;</subfield>
    <subfield code="a">&#x422;&#x430;&#x43A;&#x438;&#x43D; &#x41A;&#x43E;&#x434;&#x43E; &#x425;&#x43C;&#x430;&#x439;&#x43D;</subfield>
  </datafield>
  <datafield tag="464" ind1=" " ind2="0">
    <subfield code="1">700#0$a&#x423; &#x42D; &#x41C;&#x430;&#x443;&#x43D;</subfield>
    <subfield code="a">&#x423; &#x42D; &#x41C;&#x430;&#x443;&#x43D;</subfield>
  </datafield>
  <datafield tag="464" ind1=" " ind2="0">
    <subfield code="1">700#0$a&#x417;&#x43E;&#x434;&#x436;&#x438;</subfield>
    <subfield code="a">&#x417;&#x43E;&#x434;&#x436;&#x438;</subfield>
  </datafield>
  <datafield tag="464" ind1=" " ind2="0">
    <subfield code="1">700#0$a&#x41C;&#x438;&#x43D;&#x442;&#x443;&#x432;&#x443;&#x43D;</subfield>
    <subfield code="a">&#x41C;&#x438;&#x43D;&#x442;&#x443;&#x432;&#x443;&#x43D;</subfield>
  </datafield>
  <datafield tag="464" ind1=" " ind2="0">
    <subfield code="1">700#0$a&#x41D;&#x443; &#x419;&#x438;&#x43D;</subfield>
    <subfield code="a">&#x41D;&#x443; &#x419;&#x438;&#x43D;</subfield>
  </datafield>
  <datafield tag="464" ind1=" " ind2="0">
    <subfield code="1">700#0$a&#x414;&#x430;&#x433;&#x43E;&#x43D; &#x422;&#x430;&#x44F;</subfield>
    <subfield code="a">&#x414;&#x430;&#x433;&#x43E;&#x43D; &#x422;&#x430;&#x44F;</subfield>
  </datafield>
  <datafield tag="464" ind1=" " ind2="0">
    <subfield code="1">700#0$a&#x411;&#x443;&#x442;&#x430;&#x43B;&#x438;&#x43D; &#x427;&#x445;&#x438; &#x41B;&#x435;&#x439;</subfield>
    <subfield code="a">&#x411;&#x443;&#x442;&#x430;&#x43B;&#x438;&#x43D; &#x427;&#x445;&#x438; &#x41B;&#x435;&#x439;</subfield>
  </datafield>
  <datafield tag="464" ind1=" " ind2="0">
    <subfield code="1">700#0$a&#x411;&#x430;&#x43C;&#x43E; &#x41D;&#x44C;&#x43E;&#x443; &#x41F;&#x432;&#x435;</subfield>
    <subfield code="a">&#x411;&#x430;&#x43C;&#x43E; &#x41D;&#x44C;&#x43E;&#x443; &#x41F;&#x432;&#x435;</subfield>
  </datafield>
  <datafield tag="464" ind1=" " ind2="0">
    <subfield code="1">700#0$a&#x41D;&#x433;&#x432;&#x435;&#x439; &#x422;&#x430;&#x440;&#x438;</subfield>
    <subfield code="a">&#x41D;&#x433;&#x432;&#x435;&#x439; &#x422;&#x430;&#x440;&#x438;</subfield>
  </datafield>
  <datafield tag="464" ind1=" " ind2="0">
    <subfield code="1">700#0$a&#x41C;&#x438;&#x43D; &#x42E; &#x412;&#x435;&#x439;</subfield>
    <subfield code="a">&#x41C;&#x438;&#x43D; &#x42E; &#x412;&#x435;&#x439;</subfield>
  </datafield>
  <datafield tag="702" ind1=" " ind2="1">
    <subfield code="a">&#x417;&#x430;&#x43F;&#x430;&#x434;&#x43E;&#x432;&#x430;</subfield>
    <subfield code="b">&#x415;.&#x410;.</subfield>
    <subfield code="g">&#x415;&#x43B;&#x435;&#x43D;&#x430; &#x410;&#x43B;&#x435;&#x43A;&#x441;&#x430;&#x43D;&#x434;&#x440;&#x43E;&#x432;&#x43D;&#x430;</subfield>
    <subfield code="4">220</subfield>
  </datafield>
  <datafield tag="801" ind1=" " ind2="0">
    <subfield code="a">RU</subfield>
    <subfield code="b">NLR</subfield>
    <subfield code="g">psbo</subfield>
  </datafield>
  <datafield tag="801" ind1=" " ind2="1">
    <subfield code="a">RU</subfield>
    <subfield code="b">ELAR</subfield>
    <subfield code="2">rusmarc</subfield>
  </datafield>
  <datafield tag="852" ind1=" " ind2=" ">
    <subfield code="a">NLR</subfield>
    <subfield code="j">83-2/2095</subfield>
  </datafield>
  <datafield tag="942" ind1=" " ind2=" ">
    <subfield code="c">BOOK</subfield>
  </datafield>
  <datafield tag="980" ind1=" " ind2=" ">
    <subfield code="a">NB</subfield>
  </datafield>
  <datafield tag="995" ind1=" " ind2=" ">
    <subfield code="5">2013-10-26</subfield>
    <subfield code="b">NLR01</subfield>
    <subfield code="c">NLR01</subfield>
    <subfield code="e">RF9</subfield>
    <subfield code="f">6331113-10</subfield>
    <subfield code="k">83-2/2095</subfield>
    <subfield code="o">0</subfield>
    <subfield code="r">BOOK</subfield>
    <subfield code="s">8322095_</subfield>
  </datafield>
</record>
